Responses for show #3742 - Tuesday, December 5, 2000

Contestants

[<< previous game]

Mary Jane Harris, from Dunwoody, Georgia

Arch Mott, a systems administrator from Aptos, California

Pat Grady, a computer analyst from Palatine, Illinois (whose 3-day cash winnings total $24,600)

[next game >>]

Jeopardy! Round responses

CLASSIC AMERICAN MUSIC
POT-POURRI
FIRST LADIES
COLORS
THE ED SULLIVAN SHOW
NUMBER, PLEASE
    $100 17
"Take Me Out to the Ball Game"

Pat
    $100 8
Potshots

Pat
    $100 1
Mary Todd Lincoln

Arch
    $100 3
Yellow

Mary Jane
    $100 26
The Beatles

Pat
    $100 2
1

Mary Jane
    $200 18
Irving Berlin

Mary Jane
    $200 10
Pot roast

Arch
    $200 22
Martha Washington

Mary Jane
    $200 4
Blue

Pat
    $200 27
"Light My Fire"

Arch
    $200 9
Five

Arch
    $300 19
John Philip Sousa

Mary Jane
    $300 11
Potboiler

Arch
    $300 23
(A: Who is Betty Ford?)

Rosalynn Carter

PatArch
    $300 5
Green

Arch
    $300 28
Elvis Presley

Pat
    $300 14
7

Pat
    $400 20
Stephen Foster

Arch
    $400 12
Earthenware

Mary Jane
    $400 24
Eleanor Roosevelt, Bess Truman &/or Edith Wilson

Pat
    $400 6
Brown

Arch
    $400 29
Bob Dylan

Arch
    $400 15
4

Mary Jane
    $500 21
Scott Joplin

Pat
    $500 13
Pot luck

Mary Jane
    $500 25
Barbara Bush (nee Barbara Pierce)

Triple Stumper
    $800 7
Maroon

Arch
    $500 30
The Rascals

Triple Stumper
    $500 16
(P: What is 1?)

3

PatArch

Scores at the first commercial break (after clue 17):

Pat Arch Mary Jane
$200 $2,800 $1,500

Scores at the end of the Jeopardy! Round:

Pat Arch Mary Jane
$1,800 $3,500 $2,200

Double Jeopardy! Round responses

A DECEMBER TO REMEMBER
ARE YOU READY FOR SOME FOOTBALL?
AUTHORS
THE METRIC EQUIVALENT
WHERE THERE'S A HILL
THERE'S AN "A"
(Alex: Uhhh boy...we get so cutesy!)
    $200 15
HUD (Housing and Urban Development)

Mary Jane
    $200 8
15

Mary Jane
    $200 1
Washington

Arch
    $200 21
Kilometer

Pat
    $200 6
Mount Rushmore

Pat
    $200 9
Autobahn

Arch
    $400 19
Adolf Eichmann

Pat
    $400 11
Los Angeles Raiders

Pat
    $400 2
Willa Cather

Pat
    $400 24
Gram

Arch
    $400 7
Golgotha

Pat
    $400 10
Academy

Pat
    $600 20
Dr. Christiaan Barnard

Arch
    $600 12
Honolulu

Pat
    $600 3
Anne Tyler

Arch
    $600 25
(less than a minute to go...)

Centimeter

Mary Jane
    $600 28
(M: Who is FDR?)

Theodore Roosevelt

Mary Jane
Triple Stumper
    $600 16
Austria

Arch
    $2,000 22
(P: Don't know.)

Thomas Becket

Pat
    $800 13
AFL (Arena Football League)

Pat
    $800 4
Sweden

Arch
    $800 26
Liter

Arch
    $800 29
Newfoundland

Arch
    $800 17
Aaron

Pat
    $1000 23
Treaty of Ghent

Pat
    $1000 14
Los Angeles Memorial Coliseum

Pat
    $1000 5
(A: Who is Beatrice?)

Christina Rossetti

Arch
Triple Stumper
    $1000 27
Metric ton

Pat
    $1,000 30
(A: I'm sorry to say I do not know this.)

Mount Suribachi

Arch
    $1000 18
(P: What is Ahab?)

Aye-aye

Pat
Triple Stumper

Scores at the end of the Double Jeopardy! Round:

Pat Arch Mary Jane
$6,400 $6,500 $2,600

[wagering suggestions for these scores]

Final Jeopardy! Round responses

AMERICAN DRAMA
Mary JaneWhat is Steel Mags
$2,300
PatWhat is A Long Day's Journey Into Night?
$1,100
ArchWhat is "Desire Under The Elms?"
$6,400
"Desire Under The Elms"

Final scores:

Pat Arch Mary Jane
$5,300 $12,900 $300
2nd place: Vacation/cruise to Tahiti New champion: $12,900 3rd place: Pair of ebikes (electric bicycles)

Game dynamics:

Coryat scores:

Pat Arch Mary Jane
$8,400 $7,200 $2,600
22 R,
3 W
(including 1 DD)
20 R
(including 1 DD),
3 W
(including 1 DD)
11 R,
1 W

Combined Coryat: $18,200

The J! Archive is created by fans, for fans. The Jeopardy! game show and all elements thereof, including but not limited to copyright and trademark thereto, are the property of Jeopardy Productions, Inc. and are protected under law. This website is not affiliated with, sponsored by, or operated by Jeopardy Productions, Inc. Join the discussion at JBoard.tv.